|
|
|
|
| LEADER |
00000cam a2200000 7i4500 |
| 001 |
0000002533 |
| 005 |
20031206.0 |
| 090 |
0 |
0 |
|a JPSM634.9209595115
|b TEE 1980
|
| 100 |
1 |
0 |
|a TEE
|h Choon Hwa
|
| 245 |
1 |
0 |
|a Forest harvesting :
|b introduction and case study at Ulu Langat Forest Reserve
|c Tee Choon Hwa
|
| 260 |
0 |
0 |
|a Kuala Lumpur :
|b Forestry Department Headquarters ,
|c 1980
|
| 300 |
|
|
|a 98 p. :
|b folded maps ;
|c 30 cm.
|
| 650 |
0 |
0 |
|a Forest management
|z Selangor
|
| 650 |
0 |
0 |
|a Forests and forestry
|z Selangor
|
| 998 |
|
|
|a JPSM
|
| 999 |
|
|
|a 0000003245
|b Monograph
|c Open Shelf
|e Default branch
|
| 999 |
|
|
|a 0000004939
|b Monograph
|c Open Shelf
|e Default branch
|